| 000 | 00000nam##2200000za#4500 |
| 001 | 9.602407 |
| 003 | CaOODSP |
| 005 | 20240212134142 |
| 007 | cr ||||||||||| |
| 008 | 150406|1988||||xxc|||||o f|0| 0 fre|d |
| 040 | |aCaOODSP|bfre |
| 043 | |an-cn--- |
| 086 | 1 |aNE22-1/1988-3F-PDF |
| 110 | 1 |aCanada. |bOffice national de l'énergie. |
| 245 | 10|aMotifs de décision relativement à Maine and New Brunswick Electrical Power Company Limited : |h[ressource électronique]|ben vue d'exporter de l'électricité à Maine Public Service Company |
| 246 | 1 |iTitre de renvoi : |aMaine and New Brunswick Electrical Power Company Limited |
| 260 | |aOttawa - Ontario : |bOffice national de l'énergie |cMai 1988. |
| 300 | |a24p.|bcarte, tableaux |
| 490 | 1 |aMotifs de décision|vEH-1-88 |
| 500 | |aExemplaire, p. 1 défectueux. Le nº de catalogue (NE22-1/1988-3F) et l'ISBN (0-662-94957-9) de l'édition imprimée ont été incorrectement copiés dans cette édition électronique. |
| 590 | |a12-04-Supp|b2012-02-20 |
| 775 | 08|tReasons for decision in the matter of Maine and New Brunswick Electrical Power Company, Limited : |w(CaOODSP)9.571991 |
| 830 | #0|aMotifs de décision (Canada. Office national de l'énergie)|vEH-1-88|w(CaOODSP)9.500899 |
| 856 | 40|ahttp://publications.gc.ca|qPDF|s325 Ko|uhttps://publications.gc.ca/collections/Collection/NE22-1-1988-3F.pdf|yEH-1-88 |